Lo que queda de los medios (Registro nro. 183624)
[ vista simple ]
| 000 -ENCABEZADO | |
|---|---|
| Número de control [NR] | 01188cam a22003133a 4500 |
| 005 - FECHA Y HORA DE LA ÚLTIMA TRANSACCIÓN | |
| control field | 20140903175011.0 |
| 008 - DE LONGITUD FIJA DE DATOS DE ELEMENTOS - INFORMACIÓN GENERAL | |
| Elementos de longitud fija [NR] | 021007s2001 ag frn 001 0 spa d |
| 020 ## - NUMERO INTERNACIONAL NORMALIZADO PARA LIBROS [R] | |
| Número Internacional Normalizado del libro [NR] | 100140324 |
| 020 ## - NUMERO INTERNACIONAL NORMALIZADO PARA LIBROS [R] | |
| Número Internacional Normalizado del libro [NR] | 9789871004010 |
| 040 ## - FUENTE DE CATALOGACION [NR] | |
| Agencia de catalogación original [NR] | Co-BoUCM |
| Idioma de catalogación [NR] | spa |
| Quien Cataloga | |
| Quien Clasifica | Diana Londoño |
| 041 1# - CODIGO DE IDIOMA [R] | |
| Código de idioma para texto/pista de sonido o título separado [R] | Español |
| Language code of original and/or intermediate translations of text | ita |
| 080 04 - NUMERO DE CLASIFICACION DECIMAL UNIVERSAL (CDU) [R] | |
| Número de la Clasificación Decimal Universal [NR] | 174.9097 |
| 100 1# - ASIENTO PRINCIPAL--NOMBRE PERSONAL [NR] | |
| Nombre personal [NR] | Bettetini, Gianfranco |
| ID Autoridad | 55406 |
| 245 13 - MENCION DE TITULO [NR] | |
| Título [NR] | Lo que queda de los medios |
| Parte restante del título [NR] | ideas para una ética de la comunicación |
| Mención de responsabilidad, etc. [NR] | Gianfranco Bettetini y Armando Fumagalli ; traducción Ana Zagari y Valeria Durante |
| 260 ## - PUBLICACION, DISTRIBUCION, ETC. (PIE DE IMPRENTA) [R] | |
| Lugar de publicación, distribución, etc. [R] | Buenos Aires (Argentina) |
| Nombre del editor, distribuidor, etc. [R] | La Crujía |
| Fecha de publicación, distribución, etc. [R] | 2001 |
| 300 ## - DESCRIPCION FISICA [R] | |
| Extensión [R] | 319 páginas |
| 490 0# - MENCION DE SERIE [R] | |
| Mención de serie [R] | Serie categorías; colección inclusiones |
| 504 ## - NOTA DE BIBLIOGRAFIA, ETC. [R] | |
| Nota de bibliografía, etc. [NR] | Incluye referencias bibliográficas e índices |
| 650 #7 - ASIENTO SECUNDARIO DE MATERIA - TERMINO TEMATICO [R] | |
| Término temático o nombre geográfico como elemento de entrada [NR] | Ética periodística |
| 9 (RLIN) | 15255 |
| 650 #7 - ASIENTO SECUNDARIO DE MATERIA - TERMINO TEMATICO [R] | |
| Término temático o nombre geográfico como elemento de entrada [NR] | Ética profesional |
| 9 (RLIN) | 15257 |
| 650 #7 - ASIENTO SECUNDARIO DE MATERIA - TERMINO TEMATICO [R] | |
| Término temático o nombre geográfico como elemento de entrada [NR] | Periodistas |
| 9 (RLIN) | 21366 |
| 690 ## - ASUNTO AGREGADO LOCAL DE ENTRADA - TÉRMINO TEMÁTICO (OCLC, RLIN) | |
| 9 (RLIN) | 42812 |
| Acceso temático local | Ética |
| 700 1# - ASIENTO SECUNDARIO - NOMBRE PERSONAL [R] | |
| Nombre personal [NR] | Durante, Valería |
| 9 (RLIN) | 55410 |
| Término de relación [R] | traductor |
| 700 1# - ASIENTO SECUNDARIO - NOMBRE PERSONAL [R] | |
| Nombre personal [NR] | Fumagalli, Armando |
| 9 (RLIN) | 55408 |
| 700 1# - ASIENTO SECUNDARIO - NOMBRE PERSONAL [R] | |
| Nombre personal [NR] | Zagari, Ana |
| 9 (RLIN) | 55409 |
| Término de relación [R] | traductor |
| 765 0# - ASIENTO DE IDIOMA ORIGINAL [R] | |
| Título [NR] | Quel che resta dei media. |
| 830 #0 - ASIENTO SECUNDARIO DE SERIE--TITULO UNIFORME [R] | |
| Título uniforme [NR] | Categorías. |
| Nombre de la parte o sección de una obra [R] | Inclusiones. |
| 9 (RLIN) | 55411 |
| 942 ## - ELEMENTOS DE ENTRADA AGREGADOS (KOHA) | |
| Tema principal | Generalidades |
| Tipo de ítem principal el descrito en 300a | Libro |
| Edición | 1 |
| Parte restante de la signatura top. | B565q |
| Sistema de clasificación | DEWEY |
| Clasificación | 174.9097 |
| Signatura topográfica | Código de barras | Última vez visto | Ejemplar | Costo de reposición | Price effective from | Tipo de ítem | Perdido | Sistema de clasificación | Dañado | No prestable | Tipo de ítem específico | Suprimido | Ubicación habitual | Ubicación actual | Localización | Fecha de creación | Proveedor | Forma de adquisición | Costo |
|---|---|---|---|---|---|---|---|---|---|---|---|---|---|---|---|---|---|---|---|
| 174.9097 B565q | 100140323 | 05/12/2025 | Ej.1 | 46312.00 | 22/01/2014 | Libro | DEWEY | Libro | Claustro | Claustro | 2do piso | 22/01/2014 | 37 | Compra | 46312.00 |